| 000 -LEADER |
| fixed length control field |
00740nam a22002297a 4500 |
| 001 - CONTROL NUMBER |
| control field |
2501 |
| 003 - CONTROL NUMBER IDENTIFIER |
| control field |
BD-DhUAP |
| 005 - DATE AND TIME OF LATEST TRANSACTION |
| control field |
20201230143844.0 |
| 008 - FIXED-LENGTH DATA ELEMENTS--GENERAL INFORMATION |
| fixed length control field |
201230r19761979enk||||| |||| 00| 0 eng d |
| 020 ## - INTERNATIONAL STANDARD BOOK NUMBER |
| International Standard Book Number |
0198611218 |
| 020 ## - INTERNATIONAL STANDARD BOOK NUMBER |
| International Standard Book Number |
0198611226 |
| 040 ## - CATALOGING SOURCE |
| Original cataloging agency |
BD-DhUAP |
| Language of cataloging |
Eng |
| Transcribing agency |
BD-DhUAP |
| Modifying agency |
BD-DhUAP |
| 082 ## - DEWEY DECIMAL CLASSIFICATION NUMBER |
| Edition number |
23 |
| Classification number |
423 CON |
| 245 ## - TITLE STATEMENT |
| Title |
The Concise Oxford dictionary of current English : |
| Remainder of title |
based on the Oxford English dictionary and its supplements / |
| Statement of responsibility, etc. |
edited by H. W. Fowler and F. G. Fowler. |
| 250 ## - EDITION STATEMENT |
| Edition statement |
6th ed. |
| 260 ## - PUBLICATION, DISTRIBUTION, ETC. |
| Place of publication, distribution, etc. |
Oxford : |
| Name of publisher, distributor, etc. |
Clarendon Press, |
| Date of publication, distribution, etc. |
1976 [1979]. |
| 300 ## - PHYSICAL DESCRIPTION |
| Extent |
xxiii, 1368 pages ; |
| Dimensions |
22 cm. |
| 650 ## - SUBJECT ADDED ENTRY--TOPICAL TERM |
| Topical term or geographic name entry element |
English language |
| Form subdivision |
Dictionaries. |
| 700 ## - ADDED ENTRY--PERSONAL NAME |
| Personal name |
Fowler, H. W. |
| 700 ## - ADDED ENTRY--PERSONAL NAME |
| Personal name |
Fowler, F. G. |
| 942 ## - ADDED ENTRY ELEMENTS (KOHA) |
| Source of classification or shelving scheme |
|
| Koha item type |
Book |